Statistics for World Capitals Closest to Ulaanbaatar - 30 Second Sprint

Click here to take the quiz!

General Stats

  • This quiz has been taken 19 times
  • The average score is 10 of 20

Answer Stats

kmcapitalmiles% Correct
1172Beijing728
100%
3011Tokyo1871
89%
1806Pyongyang1122
83%
1996Seoul1240
83%
2563Astana1593
72%
3332New Delhi2070
61%
3044Tashkent1892
56%
2563Bishkek1593
50%
3229Dushanbe2006
50%
2849Taipei1771
50%
2996Hanoi1862
44%
2924Kathmandu1817
44%
2726Thimphu1694
44%
3853Bangkok2394
39%
3223Islamabad2003
39%
3450Kabul2144
39%
3359Vientiane2087
28%
3056Dhaka1899
22%
3285Naypyitaw2041
22%
3930Manila2442
17%

Score Distribution

Percentile by Number Answered

Percent of People with Each Score

Your Score History

You have not taken this quiz